[Event "46th Capablanca Memorial Open A"]
[Site "Havana CUB"]
[Date "2010.05.13"]
[Round "3.44"]
[White "Davila, Carlos"]
[Black "Espinosa Garcia, Sandra"]
[Result "1-0"]
[WhiteTitle "IM"]
[BlackTitle "WIM"]
[WhiteElo "2307"]
[BlackElo "2113"]
[WhiteFideId "6100040"]
[BlackFideId "3509109"]
[EventDate "2011.05.11"]

1. Nf3 Nf6 2. c4 g6 3. Nc3 Bg7 4. g3 O-O 5. Bg2 d6 6. d4 Nbd7 7. O-O e5 8. Qc2
Re8 9. Rd1 exd4 10. Nxd4 a5 11. b3 Nc5 12. Bb2 h5 13. h3 Nh7 14. e4 Ng5 15. h4
Nh3+ 16. Kh2 Nf4 17. gxf4 Qxh4+ 18. Kg1 Bxd4 19. Rxd4 Ne6 20. Ne2 Nxd4 21. Bxd4
Bh3 22. f3 Bd7 23. Qb2 Qe7 24. Bf6 Qf8 25. a4 Be6 26. Kf2 c6 27. Rh1 d5 28. cxd5
cxd5 29. f5 Bd7 30. Qd2 Ra6 31. Qg5 Bxf5 32. exf5 Qc5+ 33. Nd4 Qb6 34. fxg6 Qxf6
35. gxf7+ Kxf7 36. Qxh5+ Kf8 37. Qh8+ Qxh8 38. Rxh8+ Kf7 39. Rh7+ Kf6 40. Rxb7
Ke5 41. Ke3 Kd6+ 42. Kd3 Re1 43. Bh3 Rd1+ 44. Kc3 Rc1+ 45. Kd2 Rh1 46. Bg4 Ke5
47. Ne2 Rhh6 48. f4+ Kd6 49. Nd4 Rg6 50. Bd7 Rg2+ 51. Ke3 Rg3+ 52. Kf2 Rd3 53.
Nf5+ 1-0

[Event "46th Capablanca Memorial Open A"]
[Site "Havana CUB"]
[Date "2010.05.13"]
[Round "3.45"]
[White "Torres Rosas, Luis Carlos"]
[Black "Pina Vega, Sulennis"]
[Result "0-1"]
[WhiteTitle "CM"]
[BlackTitle "WGM"]
[WhiteElo "2129"]
[BlackElo "2298"]
[WhiteFideId "5111080"]
[BlackFideId "3503151"]
[EventDate "2011.05.11"]

1. d4 d5 2. c4 dxc4 3. e4 Nc6 4. Nf3 Bg4 5. Be3 Nf6 6. Nc3 Bxf3 7. gxf3 e5 8. d5
Ne7 9. Bxc4 a6 10. a4 Ng6 11. Qb3 Bd6 12. Qxb7 O-O 13. Qb3 Nh4 14. Qd1 Ng2+ 15.
Kf1 Nxe3+ 16. fxe3 Nh5 17. Rg1 f5 18. exf5 Qh4 19. Ne4 Rxf5 20. Kg2 Raf8 21. Be2
Nf6 22. Ng3 Ng4 0-1

[Event "46th Capablanca Memorial Open A"]
[Site "Havana CUB"]
[Date "2010.05.13"]
[Round "3.46"]
[White "Pirola, Claudionor Alcides Lima"]
[Black "Espinoza Palomino, Willyam"]
[Result "0-1"]
[BlackTitle "FM"]
[WhiteElo "2104"]
[BlackElo "2295"]
[WhiteFideId "2130556"]
[BlackFideId "3804852"]
[EventDate "2011.05.11"]

1. e4 e5 2. Nf3 Nc6 3. Bb5 a6 4. Ba4 Nf6 5. O-O Be7 6. Re1 b5 7. Bb3 d6 8. c3
O-O 9. h3 Na5 10. Bc2 c5 11. d4 Qc7 12. Nbd2 cxd4 13. cxd4 Nc6 14. Nf1 exd4 15.
Bf4 Qb6 16. Ng3 Re8 17. Ne2 Nb4 18. Bb1 d3 19. Ned4 d5 20. e5 Ne4 21. a3 Nc2 22.
Bxc2 dxc2 23. Qxc2 Bd7 24. Qb3 Nc5 25. Qxd5 Rad8 26. Rad1 Qg6 27. Bg3 Nd3 28.
Rf1 Nxb2 29. Ra1 Nc4 30. a4 Nb6 31. Qb7 Bc8 32. Qc6 Nxa4 33. e6 fxe6 34. Bc7 Bd7
35. Qxa6 Nc5 36. Qb6 Rc8 37. Ne5 Qe4 38. Ndf3 Na4 39. Qa7 Bc5 40. Qa5 Bb4 41.
Qa7 Ra8 42. Qe3 Qxe3 43. fxe3 Bc8 44. Nc6 Bc3 45. Rab1 Bb7 46. Ncd4 b4 47. Bd6
Be4 48. Rb3 Bd5 49. Rxb4 Bxb4 50. Bxb4 Reb8 51. Bd6 Rb2 52. Be5 Nc3 53. Rc1 Rb1
54. Rxb1 Nxb1 55. Ne2 Na3 56. Nf4 Bxf3 57. gxf3 Nc4 0-1

[Event "46th Capablanca Memorial Open A"]
[Site "Havana CUB"]
[Date "2010.05.13"]
[Round "3.47"]
[White "Martinez Lopez, Ivan"]
[Black "Abreu Jean, Carlos Paul"]
[Result "0-1"]
[WhiteElo "2287"]
[BlackElo "2101"]
[WhiteFideId "2219409"]
[BlackFideId "6405525"]
[EventDate "2011.05.11"]

1. c4 c5 2. g3 g6 3. Bg2 Bg7 4. Nc3 Nc6 5. Nf3 e5 6. d3 d6 7. O-O Nge7 8. Bg5 f6
9. Be3 Be6 10. a3 a5 11. Ne1 O-O 12. Nc2 Nd4 13. Ne4 b6 14. b4 axb4 15. axb4
Rxa1 16. Nxa1 cxb4 17. Bxd4 exd4 18. Nc2 d5 19. Nxd4 Bf7 20. cxd5 Nxd5 21. Nf3
Nc3 22. Nxc3 bxc3 23. Qc2 f5 24. d4 Qc7 25. Rc1 Rc8 26. e3 h6 27. Qd3 Qc4 28.
Qxc4 Rxc4 29. Bf1 Rc7 30. Bd3 Bf8 31. Ne1 Ba3 32. Ra1 Bb4 33. Ra8+ Kg7 34. Nc2
Ba5 35. Kf1 Bd5 36. Re8 h5 37. h4 Bb3 38. Ke2 Ra7 39. Rb8 Ba4 40. Na1 b5 41. Bc2
Bc7 42. Rc8 Bd6 43. Rc6 b4 44. Rb6 Be8 45. Rxd6 Bb5+ 46. Kf3 Rxa1 47. Rb6 Ba4
48. Bd3 b3 49. Rb7+ Kh6 50. Kf4 Ra2 51. f3 Rd2 52. Bc4 Rxd4+ 53. exd4 c2 54. Bg8
c1=Q+ 55. Ke5 Qe3+ 0-1

[Event "46th Capablanca Memorial Open A"]
[Site "Havana CUB"]
[Date "2010.05.13"]
[Round "3.48"]
[White "Vigoa Apecheche, Yanira"]
[Black "Mendoza Velazquez, Lorena Alejan"]
[Result "1-0"]
[WhiteTitle "WIM"]
[BlackTitle "WIM"]
[WhiteElo "2279"]
[BlackElo "2033"]
[WhiteFideId "3507041"]
[BlackFideId "5101794"]
[EventDate "2011.05.11"]

1. d4 c5 2. c3 d6 3. Nf3 Nf6 4. g3 Nbd7 5. Bg2 Rb8 6. a4 b6 7. O-O Bb7 8. Re1 e6
9. Nbd2 Be7 10. e4 O-O 11. a5 b5 12. e5 Ne8 13. Qe2 a6 14. h4 d5 15. Nf1 c4 16.
N1h2 b4 17. Ng4 b3 18. Bh3 Bc8 19. Ng5 Nc7 20. Nh2 h6 21. Ngf3 Rb5 22. h5 Ne8
23. Ng4 Kh7 24. Qe3 Rh8 25. Nxh6 gxh6 26. Bxe6 fxe6 27. Qxh6+ Kg8 28. Qxe6+ Kf8
29. Bh6+ Rxh6 30. Qxh6+ Kg8 31. Qg6+ Kh8 32. Qh6+ Kg8 33. Qe6+ Kh8 34. Qh6+ Kg8
35. Qe3 Kh8 36. Nh4 Bxh4 37. Qh6+ Kg8 38. gxh4 Nf8 39. Re3 Ng7 40. Rg3 Qc7 41.
Kh2 Bf5 42. Qxa6 Rb8 43. Rag1 Ne6 44. h6 Qd8 45. Rxg7+ Nxg7 46. Rxg7+ Kh8 47.
Kg3 Ra8 48. Qb7 Qf8 49. Qxd5 Ra6 50. Qf3 Ra8 51. a6 Be6 52. Qxf8+ Rxf8 53. Re7
Bd5 54. Rd7 Rf3+ 55. Kg4 Be4 56. d5 Rxf2 57. Rd8+ 1-0

[Event "46th Capablanca Memorial Open A"]
[Site "Havana CUB"]
[Date "2010.05.13"]
[Round "3.49"]
[White "Sanchez Comesana, Angelica Maria"]
[Black "Marrero Lopez, Yaniet"]
[Result "0-1"]
[BlackTitle "WGM"]
[WhiteElo "2019"]
[BlackElo "2328"]
[WhiteFideId "3507742"]
[BlackFideId "3503950"]
[EventDate "2011.05.11"]

1. e4 e5 2. Nf3 Nc6 3. Bc4 Nf6 4. d3 Be7 5. O-O O-O 6. Re1 d6 7. c3 Kh8 8. Nbd2
Ng8 9. d4 exd4 10. cxd4 f5 11. e5 d5 12. Bb3 f4 13. Qe2 Be6 14. Nf1 Bg4 15. Rd1
Nh6 16. h3 Bh5 17. N1h2 Nf5 18. Qb5 Nb4 19. a3 a6 20. Qa5 b6 21. Qa4 Be8 0-1

[Event "46th Capablanca Memorial Open A"]
[Site "Havana CUB"]
[Date "2010.05.13"]
[Round "3.50"]
[White "Lopez Vilier, Luis Angel"]
[Black "Catala Matienzo, Ivette"]
[Result "1-0"]
[WhiteTitle "FM"]
[BlackTitle "WFM"]
[WhiteElo "2316"]
[BlackElo "2208"]
[WhiteFideId "3509320"]
[BlackFideId "3506819"]
[EventDate "2011.05.11"]

1. c4 c5 2. Nc3 Nc6 3. g3 g6 4. Bg2 Bg7 5. d3 d6 6. Bd2 e5 7. Nf3 Nge7 8. O-O
O-O 9. Ne1 f5 10. Rb1 Rb8 11. Nc2 f4 12. b4 b6 13. b5 Nd4 14. Nxd4 exd4 15. Nd5
Nxd5 16. Bxd5+ Kh8 17. Bxf4 Rxf4 18. gxf4 Qh4 19. e3 Bg4 20. Qd2 Re8 21. Kh1 Qh3
22. f3 dxe3 23. Qg2 Be6 24. Bc6 Rf8 25. Rfe1 Bd4 26. Qxh3 Bxh3 27. a4 Rxf4 28.
Re2 g5 29. Rbe1 g4 30. Rxe3 Bxe3 31. Rxe3 gxf3 32. Bxf3 Kg7 33. Kg1 Kf6 34. Be2
Be6 35. Bf3 Bf5 36. Be2 d5 37. Re8 dxc4 38. dxc4 Re4 39. Rf8+ Kg5 40. Kf2 Re7
41. Bf3 Bc2 42. Kg3 Bxa4 43. h4+ Kg6 44. Bd5 Bc2 45. Kf4 Bd3 46. Rg8+ Kh6 47.
Rf8 Bg6 48. Ra8 Kh5 49. Kg3 Rg7 50. Bf3+ Kh6 51. Bd5 Bd3+ 52. Kf4 Kh5 53. Be6
Re7 54. Rd8 Be2 55. Bd5 Kxh4 56. Rg8 Kh5 57. Kf5 Kh6 58. Kf6 Rd7 59. Rg2 Bh5 60.
Rh2 Rd6+ 61. Be6 Rd4 62. Rh1 Rf4+ 63. Ke5 Rd4 64. Bf7 Kg7 65. Bxh5 Rxc4 66. Ra1
Rb4 67. Be8 h5 68. Rxa7+ Kh6 69. Ra6 h4 70. Rxb6+ Kh7 71. Ra6 Rb2 72. Kd5 h3 73.
Ra3 h2 74. Rh3+ Kg7 75. Kxc5 Kf8 76. Bc6 Ke7 77. Rh7+ Kd8 78. Kd6 Rd2+ 79. Bd5 1-0

[Event "46th Capablanca Memorial Open A"]
[Site "Havana CUB"]
[Date "2010.05.13"]
[Round "3.51"]
[White "Campos Vila, Milena"]
[Black "Hernandez Fernandez, Ramon A"]
[Result "1/2-1/2"]
[WhiteTitle "WFM"]
[BlackTitle "FM"]
[WhiteElo "2212"]
[BlackElo "2293"]
[WhiteFideId "3501558"]
[BlackFideId "3503909"]
[EventDate "2011.05.11"]

1. e4 c5 2. Nf3 Nc6 3. Bb5 g6 4. O-O Bg7 5. c3 Nf6 6. Re1 O-O 7. d4 d5 8. exd5
Qxd5 9. c4 Qd6 10. dxc5 Qxd1 11. Rxd1 Ne4 12. h3 Bf5 13. Bxc6 bxc6 14. Re1 h5
15. Nbd2 Nxc5 16. Ne5 Nd3 17. Nxd3 Bxd3 18. Rxe7 Rfe8 19. Rxe8+ Rxe8 20. Nf3 a5
21. a4 Bxc4 22. Bd2 Bxb2 23. Rb1 Bf6 24. Rc1 Bd5 25. Rc5 Re2 26. Bg5 Bxg5 27.
Nxg5 Kg7 28. Rxa5 Ra2 29. Ra7 c5 30. Rd7 Bb3 31. Rc7 c4 32. Rxf7+ Kg8 33. Rc7
Rc2 34. Ne4 Bxa4 35. Kh2 Kf8 36. Kg3 Bb3 37. Kf3 Rc1 38. Ke3 Re1+ 39. Kd4 Re2
40. g3 Bc2 41. Nc3 Rxf2 42. Rxc4 Rf3 43. Ke5 Rxg3 44. h4 Kg7 45. Nd5 Bf5 46.
Rc7+ Kf8 47. Nf4 Rg4 48. Nxh5 Rxh4 49. Nf6 Ra4 50. Rb7 Ra5+ 51. Kf4 Be6 52. Nh7+
Ke8 53. Nf6+ Kd8 54. Nh7 Rf5+ 55. Kg3 Bd7 56. Rb6 Be8 57. Kg4 Ke7 58. Rb7+ Bd7
59. Kg3 Rd5 60. Ra7 Kf7 61. Kf4 Rf5+ 62. Ke4 Ke7 63. Ke3 Kd6 64. Ra6+ Bc6 65.
Ra7 Ke5 66. Re7+ Kd6 67. Ra7 Rf3+ 68. Ke2 Rg3 69. Nf6 Ke5 70. Ng8 g5 71. Nh6 Rh3
72. Nf7+ Kf4 73. Nd6 Rh2+ 74. Kf1 g4 75. Rf7+ Ke5 76. Nc4+ Ke4 77. Nd6+ Kd5 78.
Nf5 Ke6 79. Rf8 Be4 80. Ng3 Bf3 81. Rf4 Ke5 82. Rf8 Kd4 83. Nf5+ Ke4 84. Ng3+
Ke3 85. Nf5+ Ke4 86. Ng3+ Ke5 87. Rf5+ Kd4 88. Rf8 Ra2 89. Nf5+ Kd3 90. Ng3 Rg2
91. Nh5 Rh2 92. Ng3 Rh7 93. Kf2 Rh2+ 94. Kf1 Ke3 95. Nf5+ Kf4 96. Nd4+ Ke4 97.
Nxf3 1/2-1/2

[Event "46th Capablanca Memorial Open A"]
[Site "Havana CUB"]
[Date "2010.05.13"]
[Round "3.52"]
[White "Cueto Rodriguez, Yanet"]
[Black "Miranda Llanes, Yerisbel"]
[Result "1/2-1/2"]
[WhiteTitle "WFM"]
[BlackTitle "WFM"]
[WhiteElo "2138"]
[BlackElo "2226"]
[WhiteFideId "3505294"]
[BlackFideId "3507700"]
[EventDate "2011.05.11"]

1. e4 e5 2. Nf3 Nc6 3. d4 exd4 4. Nxd4 Nf6 5. Nc3 Bb4 6. Nxc6 bxc6 7. Bd3 d5 8.
exd5 cxd5 9. O-O O-O 10. Bg5 c6 11. Na4 Be7 12. b3 Bg4 13. f3 Be6 14. Rc1 Ba3
15. Rb1 Be7 16. c3 c5 17. c4 h6 18. cxd5 Qxd5 19. Bh4 Rad8 20. Nb2 Qh5 21. Qe1
Bd6 22. Bg3 Rfe8 23. Bxd6 Rxd6 24. Qg3 Rd5 25. Rfe1 Red8 26. Rbd1 Rg5 27. Qf2
Rd4 28. Bc2 Rxd1 29. Rxd1 Rd5 30. Rxd5 Qxd5 31. Nd3 c4 32. Nf4 Qe5 33. Nxe6 Qxe6
34. bxc4 Qxc4 35. Bb3 Qc1+ 36. Qf1 Qe3+ 37. Qf2 Qc1+ 1/2-1/2

[Event "46th Capablanca Memorial Open A"]
[Site "Havana CUB"]
[Date "2010.05.13"]
[Round "3.53"]
[White "Zavarce, Oscar Enrique"]
[Black "Fandino Reyes, Roquelina"]
[Result "1-0"]
[WhiteTitle "FM"]
[BlackTitle "WIM"]
[WhiteElo "2223"]
[BlackElo "2147"]
[WhiteFideId "3902501"]
[BlackFideId "3501426"]
[EventDate "2011.05.11"]

1. e4 Nf6 2. e5 Nd5 3. d4 d6 4. Nf3 Bg4 5. Be2 c6 6. O-O Bxf3 7. Bxf3 dxe5 8.
dxe5 e6 9. Re1 Nd7 10. Nd2 Be7 11. Qe2 O-O 12. g3 Qc7 13. b3 a5 14. a3 Rfd8 15.
Bb2 Nf8 16. c4 Nb6 17. Be4 Nbd7 18. h4 Nc5 19. Bc2 Rd7 20. Bc3 Na6 21. Ne4 Qd8
22. Qg4 Kh8 23. Qf4 Nc5 24. Nd6 Bxd6 25. exd6 f6 26. b4 Na6 27. c5 Nb8 28. h5 e5
29. Qc4 a4 30. Bf5 h6 31. Bxd7 Qxd7 32. Kg2 Qf5 33. f4 Nbd7 34. fxe5 fxe5 35.
Qe4 Qxh5 36. Bxe5 Ng6 37. Bd4 Rg8 38. Rh1 Qg5 39. Be3 Qd5 40. Qxd5 cxd5 41. Bd4
Kh7 42. Rhe1 Rc8 43. Rac1 h5 44. b5 Nb8 45. Re6 h4 46. Rf1 1-0

[Event "46th Capablanca Memorial Open A"]
[Site "Havana CUB"]
[Date "2010.05.13"]
[Round "3.54"]
[White "Llaudy Pupo, Lisandra"]
[Black "Cordero Suarez, Greisy"]
[Result "1/2-1/2"]
[WhiteTitle "WIM"]
[WhiteElo "2216"]
[BlackElo "2116"]
[WhiteFideId "3506487"]
[BlackFideId "3502422"]
[EventDate "2011.05.11"]

1. e4 e6 2. Qe2 c5 3. Nf3 Nc6 4. g3 g6 5. Bg2 Bg7 6. O-O Nge7 7. c3 d6 8. Rd1 e5
9. Na3 O-O 10. Nc2 f5 11. d3 h6 12. a3 a5 13. a4 Be6 14. Nd2 f4 15. Nc4 1/2-1/2

[Event "46th Capablanca Memorial Open A"]
[Site "Havana CUB"]
[Date "2010.05.14"]
[Round "4.1"]
[White "Nogueiras Santiago, Jesus"]
[Black "Jimenez Fraga, Pedro Alejandro"]
[Result "1/2-1/2"]
[WhiteTitle "GM"]
[BlackTitle "FM"]
[WhiteElo "2565"]
[BlackElo "2473"]
[WhiteFideId "3500020"]
[BlackFideId "3508188"]
[EventDate "2011.05.11"]

1. c4 Nf6 2. Nc3 g6 3. g3 Bg7 4. Bg2 O-O 5. d4 d6 6. e3 Nc6 7. Nge2 Bd7 8. O-O
a6 9. b3 Qc8 10. a4 Bh3 11. e4 e5 12. d5 Nd4 13. Be3 Re8 14. f3 Bxg2 15. Kxg2
Nxe2 16. Qxe2 b6 17. a5 Qb7 18. Rfb1 bxa5 19. Rxa5 c5 20. Qa2 Nd7 21. Bd2 f5 22.
Qa4 Nf6 23. Qc6 Qe7 24. Rxa6 Rxa6 25. Qxa6 Rf8 26. Rf1 fxe4 27. fxe4 Ng4 28.
Rxf8+ Qxf8 29. Nd1 h5 30. h3 Nh6 31. b4 cxb4 32. c5 dxc5 33. Qxg6 Nf7 34. Qc6
Bh6 35. Be3 b3 36. Bxc5 Qb8 37. Nb2 Bf8 38. Bxf8 Kxf8 39. Qc5+ Kg7 40. Kf3 1/2-1/2

[Event "46th Capablanca Memorial Open A"]
[Site "Havana CUB"]
[Date "2010.05.14"]
[Round "4.3"]
[White "Gomez Garrido, Camilo"]
[Black "Rasmussen, Karsten"]
[Result "1-0"]
[WhiteTitle "IM"]
[BlackTitle "IM"]
[WhiteElo "2516"]
[BlackElo "2434"]
[WhiteFideId "3507904"]
[BlackFideId "1400088"]
[EventDate "2011.05.11"]

1. e4 d6 2. d4 d5 3. e5 Bf5 4. Nf3 e6 5. Be2 Nd7 6. O-O Ne7 7. Nbd2 Nc8 8. a4
Be7 9. Nb3 O-O 10. Ne1 c5 11. g4 Bg6 12. f4 Be4 13. c3 f5 14. Nd2 cxd4 15. cxd4
Bb4 16. Nxe4 fxe4 17. Nc2 Ba5 18. f5 exf5 19. gxf5 Qh4 20. Ra3 Ne7 21. Rf4 1-0

[Event "46th Capablanca Memorial Open A"]
[Site "Havana CUB"]
[Date "2010.05.14"]
[Round "4.5"]
[White "Ortega Amarelle, Mariano"]
[Black "Perez Rodriguez, Luis Manuel"]
[Result "1/2-1/2"]
[WhiteTitle "FM"]
[BlackTitle "GM"]
[WhiteElo "2417"]
[BlackElo "2466"]
[WhiteFideId "3504301"]
[BlackFideId "3503364"]
[EventDate "2011.05.11"]

1. d4 d5 2. c4 c6 3. Nf3 Nf6 4. e3 e6 5. Bd3 Nbd7 6. O-O Bd6 7. Nbd2 O-O 8. e4
e5 9. cxd5 cxd5 10. exd5 exd4 11. Ne4 Nxe4 12. Bxe4 Nf6 13. Qxd4 Nxe4 14. Qxe4
Re8 15. Qd4 Bf5 16. Bg5 Qd7 17. Rfe1 b6 18. Bh4 Bc5 19. Qc4 Rac8 20. Rxe8+ Rxe8
21. Rd1 Rc8 22. Qf4 Bc2 23. Rd2 Bd6 24. Qd4 Bc5 25. Qf4 Bd6 26. Qd4 1/2-1/2

[Event "46th Capablanca Memorial Open A"]
[Site "Havana CUB"]
[Date "2010.05.14"]
[Round "4.6"]
[White "Castillo Coca, Mayrebis"]
[Black "De La Paz Perdomo, Frank"]
[Result "0-1"]
[WhiteTitle "WFM"]
[BlackTitle "GM"]
[WhiteElo "2087"]
[BlackElo "2452"]
[WhiteFideId "3511910"]
[BlackFideId "3501833"]
[EventDate "2011.05.11"]

1. e4 e5 2. Bc4 Nf6 3. d3 Nc6 4. c3 Bc5 5. Nf3 d6 6. O-O O-O 7. Re1 a6 8. Nbd2
Ba7 9. Bb3 Ng4 10. Re2 Kh8 11. h3 Nh6 12. Nf1 f5 13. Bxh6 gxh6 14. d4 fxe4 15.
Rxe4 Bf5 16. Re1 Qf6 17. Bd5 exd4 18. Qd2 dxc3 19. bxc3 Ne5 20. Nxe5 dxe5 21.
Bxb7 Rad8 22. Qb2 Rb8 23. Ne3 Bc8 0-1

[Event "46th Capablanca Memorial Open A"]
[Site "Havana CUB"]
[Date "2010.05.14"]
[Round "4.8"]
[White "Leyva Rivera, Yunier"]
[Black "Quesada Vera, Liordis"]
[Result "0-1"]
[WhiteTitle "FM"]
[BlackTitle "FM"]
[WhiteElo "2382"]
[BlackElo "2438"]
[WhiteFideId "3505065"]
[BlackFideId "3507009"]
[EventDate "2011.05.11"]

1. d4 e6 2. c4 Nf6 3. Nc3 d5 4. cxd5 exd5 5. Bg5 c6 6. Qc2 Be7 7. e3 Nbd7 8. Bd3
Nf8 9. Nge2 Ne6 10. Bh4 g6 11. O-O Ng7 12. f3 O-O 13. Kh1 Nfh5 14. Bf2 f5 15.
Nf4 Nxf4 16. exf4 Ne6 17. Ne2 Bd6 18. g3 Qf6 19. Rac1 Rf7 20. Qd2 Bd7 21. Bb1
Re8 22. Rce1 Kh8 23. Be3 Rfe7 24. Nc1 Bc7 25. Nd3 Rd8 26. Ne5 Be8 27. h4 b6 28.
b4 Bd6 29. Kg2 Rc7 30. Bd3 Qe7 31. Rb1 Ra8 32. h5 Qf8 33. hxg6 Bxg6 34. Rfc1
Bxe5 35. dxe5 Rd8 36. Bf2 c5 37. bxc5 bxc5 38. Be2 Bf7 39. Qc2 Bg8 40. Bd3 c4
41. Bxf5 d4 42. Be4 Nxf4+ 43. gxf4 Rg7+ 44. Kf1 Qxf4 45. Rb7 Rxb7 46. Bxb7 d3
47. Qc3 Be6 48. Rb1 Qh2 49. f4 d2 50. Bf3 Rd3 51. Qb4 Qxf4 52. Qb8+ Kg7 53. Qb7+
Bd7 54. Ke2 Qxe5+ 55. Kf1 c3 56. Be2 c2 57. Bxd3 d1=Q+ 0-1

[Event "46th Capablanca Memorial Open A"]
[Site "Havana CUB"]
[Date "2010.05.14"]
[Round "4.9"]
[White "Ruiz Sanchez, Orlen"]
[Black "Ibarra Chami, Luis Fernando"]
[Result "1-0"]
[WhiteTitle "FM"]
[BlackTitle "IM"]
[WhiteElo "2392"]
[BlackElo "2514"]
[WhiteFideId "3506231"]
[BlackFideId "5105048"]
[EventDate "2011.05.11"]

1. e4 e5 2. Nf3 Nc6 3. Bb5 Nge7 4. Nc3 a6 5. Bc4 Ng6 6. h4 Nf4 7. d4 Qf6 8. Bxf4
Qxf4 9. Ng5 Bb4 10. g3 Qf6 11. O-O Bxc3 12. bxc3 O-O 13. f4 exd4 14. e5 Qh6 15.
cxd4 d5 16. Bxd5 Bf5 17. c3 Ne7 18. Bxb7 Rab8 19. Qf3 Qb6 20. Be4 h6 21. Bxf5
Nxf5 22. Ne4 Qa5 23. Nf6+ gxf6 24. Qg4+ Kh8 25. Qxf5 Qxc3 26. Qxf6+ Kg8 27. Kh2
Qc2+ 28. Kh3 Rb6 29. Rac1 Qd3 30. Rfd1 Qe4 31. Re1 Qd3 32. Rc6 Rfb8 33. e6 Rxc6
34. Qxf7+ Kh8 35. e7 1-0

[Event "46th Capablanca Memorial Open A"]
[Site "Havana CUB"]
[Date "2010.05.14"]
[Round "4.10"]
[White "Gonzalez Vidal, Yuri"]
[Black "Vega Chirino, Lemay"]
[Result "1/2-1/2"]
[WhiteTitle "GM"]
[BlackTitle "FM"]
[WhiteElo "2504"]
[BlackElo "2356"]
[WhiteFideId "3503321"]
[BlackFideId "3502252"]
[EventDate "2011.05.11"]

1. e4 c5 2. Nf3 Nc6 3. Nc3 e5 4. Bc4 Be7 5. d3 d6 6. O-O Nf6 7. Ng5 O-O 8. f4 h6
9. Nf3 exf4 10. Bxf4 Be6 11. Nd5 Bxd5 12. Bxd5 Nxd5 13. exd5 Ne5 14. Bxe5 dxe5
15. c4 Bd6 16. g4 f5 17. gxf5 Rxf5 18. Qe2 Qd7 19. Nd2 Rf4 20. Ne4 Raf8 21. Kh1
Be7 22. Rg1 g5 23. Rg2 b6 24. Rag1 Rh4 25. Nf2 Bd6 26. Ne4 Be7 27. a3 a5 28. b3
Rf7 29. b4 axb4 30. axb4 cxb4 31. Qe3 Qh3 32. Qe1 Rhf4 33. d6 Bd8 34. Rg3 Qh5
35. Qa1 g4 36. Qa8 Rf8 37. Qd5+ Kh8 38. Qe6 R8f5 39. d7 Kh7 40. Qe8 Qh4 41. R3g2
b3 42. Ng3 Rf7 43. Qxe5 Qe7 44. Qxe7 Rxe7 45. Rb2 Rxd7 46. Rxb3 Rfd4 47. Nf5
Rxd3 48. Rxd3 Rxd3 49. Rxg4 Bf6 50. Rg3 1/2-1/2

[Event "46th Capablanca Memorial Open A"]
[Site "Havana CUB"]
[Date "2010.05.14"]
[Round "4.11"]
[White "Vera Gonzalez-Quevedo, Reynaldo"]
[Black "Soto Hernandez, Henry"]
[Result "1-0"]
[WhiteTitle "GM"]
[BlackTitle "FM"]
[WhiteElo "2500"]
[BlackElo "2362"]
[WhiteFideId "3500055"]
[BlackFideId "3507475"]
[EventDate "2011.05.11"]

1. d4 Nf6 2. c4 g6 3. Nc3 Bg7 4. e4 d6 5. Nf3 O-O 6. Be2 e5 7. O-O Nc6 8. d5 Ne7
9. Ne1 Nd7 10. Be3 f5 11. f3 f4 12. Bf2 g5 13. Nd3 Ng6 14. c5 Nf6 15. Rc1 Rf7
16. a4 h5 17. a5 a6 18. cxd6 cxd6 19. Na4 Bd7 20. Nb6 Rb8 21. Rc3 g4 22. Nxd7
Qxd7 23. Qc2 g3 24. Bb6 gxh2+ 25. Kxh2 Ne8 26. Rc1 Ne7 27. Bd1 Bf6 28. Qa4 Qxa4
29. Bxa4 Bh4 30. Bd7 Rg7 31. b4 Kf8 32. Bh3 Ra8 33. Be6 Rb8 34. Kg1 Ra8 35. Kf1
Rg6 36. Nb2 Kg7 37. Nc4 Kh6 38. Bh3 Rg7 39. Bg1 Rd8 40. Bb6 Ra8 41. Bg1 Rd8 42.
Rb3 Ng6 43. b5 axb5 44. Rxb5 Ra8 45. Rcb1 Bd8 46. Bb6 Bh4 47. Bg1 Bd8 48. Bf2
Rc7 49. R1b4 Rg7 50. Be1 Ra7 51. Bc8 Bh4 52. Bd2 Bd8 53. Be1 Bh4 54. Rxb7 Bxe1
55. Kxe1 Ra8 56. Rxg7 1-0

[Event "46th Capablanca Memorial Open A"]
[Site "Havana CUB"]
[Date "2010.05.14"]
[Round "4.13"]
[White "Guerra Mendez, Jose Angel"]
[Black "Guerra Mojena, Leandro"]
[Result "1/2-1/2"]
[WhiteTitle "IM"]
[BlackTitle "FM"]
[WhiteElo "2472"]
[BlackElo "2337"]
[WhiteFideId "3508129"]
[BlackFideId "3513602"]
[EventDate "2011.05.11"]

1. e4 e6 2. d4 d5 3. Nc3 Bb4 4. Bd3 dxe4 5. Bxe4 Nf6 6. Bf3 c5 7. Ne2 cxd4 8.
Qxd4 Qxd4 9. Nxd4 a6 10. Bf4 Nbd7 11. O-O-O O-O 12. Nb3 Bxc3 13. bxc3 e5 14. Bg3
e4 15. Be2 Re8 16. Rd4 Nf8 17. Rhd1 Bg4 18. Bxg4 Nxg4 19. Nc5 Ne6 20. Nxe6 Rxe6
21. Rd8+ Re8 22. Rxe8+ Rxe8 23. Rd7 b5 24. h3 Nf6 25. Ra7 Re6 26. a4 bxa4 27. c4
g5 28. c5 e3 29. fxe3 Ne4 30. Be1 Rc6 31. Bb4 h5 32. Kb2 Kg7 33. c3 h4 34. Kc2
Nxc5 35. Bxc5 Rxc5 36. Rxa6 Rf5 37. Rxa4 Rf2+ 38. Kd3 Rxg2 39. c4 Kf6 40. c5 Ke7
41. Rd4 Rg1 42. Ke4 Rc1 43. Rd5 f6 44. Kf5 Rc4 45. Kg6 g4 46. hxg4 Rxg4+ 47. Kh6
h3 48. Rd1 Re4 49. Kh5 Rxe3 50. Kg4 Ke6 51. Rh1 f5+ 52. Kh4 Rc3 53. Rxh3 Rxc5
54. Kg5 1/2-1/2

[Event "46th Capablanca Memorial Open A"]
[Site "Havana CUB"]
[Date "2010.05.14"]
[Round "4.14"]
[White "Hevia Alejano, Carlos Antonio"]
[Black "Camacho Martinez, Guillermo"]
[Result "1-0"]
[WhiteTitle "FM"]
[BlackTitle "FM"]
[WhiteElo "2464"]
[BlackElo "2336"]
[WhiteFideId "3508811"]
[BlackFideId "3502520"]
[EventDate "2011.05.11"]

1. e4 e5 2. Nf3 Nf6 3. Nxe5 d6 4. Nf3 Nxe4 5. d4 d5 6. Bd3 Nc6 7. O-O Be7 8. Nc3
Bf5 9. Qe1 O-O 10. Nxe4 dxe4 11. Bxe4 Bb4 12. Qe3 Re8 13. Bxf5 Rxe3 14. fxe3 Bf8
15. c3 g6 16. Bc2 Bh6 17. e4 Bxc1 18. Raxc1 Qe7 19. e5 Rf8 20. Rce1 f6 21. Bb3+
Kg7 22. exf6+ Qxf6 23. d5 Nd8 24. Nd4 Qd6 25. Ne6+ Nxe6 26. dxe6 Qb6+ 27. Kh1
Qe3 28. Rg1 Qc5 29. h3 c6 30. Re4 a5 31. e7 Re8 32. Rge1 b5 33. Re6 a4 34. Bd1
a3 35. bxa3 Qxc3 36. Bf3 Kh6 37. Kh2 Qd2 38. R1e3 Qd4 39. Re2 Qf4+ 40. Kh1 Qc1+
41. Re1 Qc3 42. R6e3 Qc5 43. g4 Qc2 44. R1e2 Qc1+ 45. Kg2 Kg5 46. Re5+ Kh6 47.
h4 Kg7 48. Re6 Qh6 49. Kg3 Qc1 50. Kg2 Qh6 51. Bxc6 Qxh4 52. R6e4 Rxe7 53. Rxe7+
Kh6 54. Bf3 Qg5 55. R2e5 Qd2+ 56. Kh3 1-0